000 00489nam a22001817a 4500
999 _c13858
_d13858
003 MIRAKIL
005 20200807120413.0
008 200807b tu ||||| |||| 00| 0 tur d
040 _aTR-AnCHP
_cTR-AnCHP
041 _atur
082 _a813.42
_bA32f 1977
100 _aAğaoğlu, Adalet
245 1 0 _aFikrimin ince gülü/
_cAdalet Ağaoğlu.
260 _aİstanbul:
_bRemzi kitabevi,
_c1977.
300 _a325 s.:
_c20 sm.
650 0 _919
_aTürk edebiyatı
_xRoman
942 _2ddc
_cBKS